00262nam a2200097Ia 4500008004100000020001700041100002500058245002400083260003800107300001900145180323s9999 xx 000 0 und d a978971231226 aRomero, Eloisa Altez aEvents management / aQuezon City :b2015cREX printing aiii, 132 pages